[Event "C.to Provinciale RC"]
[Site "Locri ITA"]
[Date "2007.03.03"]
[Round "3"]
[White "Cordi', Domenico"]
[Black "Familari, Giuseppe"]
[Result "1-0"]
[WhiteElo "2090"]
[BlackElo "1714"]
[PlyCount "133"]
[EventDate "2007.03.02"]

1. d4 d5 2. Nf3 Nf6 3. c4 c6 4. Nc3 e6 5. Bg5 Nbd7 6. e3 dxc4 7. Bxc4 b5 8. Bd3
Bb7 9. O-O Be7 10. Rc1 b4 11. Na4 O-O 12. Qe2 h6 13. Bh4 Qa5 14. b3 Rac8 15.
Bxf6 gxf6 16. Nd2 Kh8 17. Ne4 Qd5 18. Nac5 Nxc5 19. Nxc5 Ba8 20. f4 Rg8 21. Be4
Qd8 22. Qh5 Qf8 23. Rf3 f5 24. Bd3 Rd8 25. Rf2 Qg7 26. Qh3 Qf6 27. Be2 Bxc5 28.
Rxc5 Rd5 29. Rc4 Rb5 30. Rc1 Rb6 31. Bf3 Kh7 32. Rfc2 Ra6 33. g3 Rc8 34. Qg2
Qd8 35. Bxc6 Raxc6 36. Rxc6 Rxc6 37. Rxc6 Qd7 38. Rd6 Qxd6 39. Qxa8 Qa6 40. Qf8
Qb7 41. Kf2 a5 42. h4 Qc7 43. Qc5 Qd8 44. Ke2 Kg7 45. Kd3 Qd5 46. Qxd5 exd5 47.
h5 Kf6 48. Ke2 Ke6 49. Kf3 Kf6 50. Kg2 Ke6 51. Kh3 f6 52. Kh4 Kf7 53. g4 fxg4
54. Kxg4 Ke6 55. f5+ Ke7 56. Kf4 Kd6 57. e4 dxe4 58. Kxe4 Kc7 59. Kd5 Kd7 60.
Kc5 Kc7 61. Kb5 Kd6 62. Kxa5 Kd5 63. Kxb4 Kxd4 64. a4 Ke5 65. a5 Kxf5 66. a6
Kg4 67. a7 1-0

[Event "C.to Provinciale RC"]
[Site "Locri ITA"]
[Date "2007.03.03"]
[Round "3"]
[White "Luvera', Filippo"]
[Black "Valotta, Massimiliano"]
[Result "1/2-1/2"]
[WhiteElo "1871"]
[BlackElo "1889"]
[PlyCount "84"]
[EventDate "2007.03.02"]

1. e4 c5 2. c3 Nc6 3. d4 d5 4. dxc5 dxe4 5. Qxd8+ Nxd8 6. Bb5+ Nc6 7. Ne2 e5 8.
Bxc6+ bxc6 9. b4 g6 10. Nd2 Nf6 11. Ng3 Bf5 12. O-O Bg7 13. Re1 O-O 14. Ndxe4
Bxe4 15. Nxe4 Nxe4 16. Rxe4 f5 17. Re2 Rad8 18. Bb2 Rd3 19. c4 e4 20. Bxg7 Kxg7
21. Rc2 Rfd8 22. Kf1 f4 23. b5 f3 24. gxf3 exf3 25. Rcc1 Ra3 26. h3 Ra4 27. b6
axb6 28. cxb6 c5 29. Kg1 Rb8 30. Rab1 Rxa2 31. Rc3 Ra6 32. Kh2 Raxb6 33. Rxb6
Rxb6 34. Kg3 Rf6 35. Rxf3 Rxf3+ 36. Kxf3 Kf6 37. Ke4 Ke6 38. h4 Kd6 39. Kf4 Ke6
40. Ke4 h6 41. Kf4 Kf6 42. Ke4 Ke6 1/2-1/2

[Event "C.to Provinciale RC"]
[Site "Locri ITA"]
[Date "2007.03.03"]
[Round "3"]
[White "Paragliola, Gennaro"]
[Black "Mercuri, Delia"]
[Result "0-1"]
[WhiteElo "1460"]
[BlackElo "1370"]
[PlyCount "120"]
[EventDate "2007.03.02"]

1. d4 d6 2. c4 g6 3. Nf3 Bg7 4. Nc3 Nf6 5. e4 Bg4 6. h3 Bxf3 7. Qxf3 Nc6 8. Be3
Nd7 9. Qd1 e5 10. d5 Nd4 11. Ne2 Nxe2 12. Bxe2 O-O 13. O-O f5 14. f3 f4 15. Bd2
Bf6 16. Rc1 b6 17. b4 Bh4 18. Qa4 Nf6 19. c5 Qe7 20. cxd6 cxd6 21. Rc6 Rfc8 22.
Rfc1 Rxc6 23. Qxc6 Rd8 24. Bb5 Kg7 25. Qc7 Nd7 26. Qxa7 Kh6 27. Rc7 Qg5 28. g4
Bg3 29. Bxd7 Qh4 30. Kg2 Bf2 31. Kf1 Qg3 32. g5+ Kxg5 33. Bg4 Qg1+ 34. Ke2 Qg2
35. Kd3 Qf1+ 36. Kc2 Qe2 37. Rc3 Be1 38. Rd3 Rc8+ 39. Bxc8 Bxd2 40. Qe7+ Kh6
41. Qf8+ Kg5 42. Rxd2 Qc4+ 43. Kb1 Qf1+ 44. Kb2 Qxf3 45. Qd8+ Kh6 46. Qh4+ Kg7
47. Qe1 g5 48. Qe2 Qg3 49. Rc2 Kf6 50. Rc6 Ke7 51. Rxb6 f3 52. Qf1 Qg2+ 53.
Qxg2 fxg2 54. Rb7+ Kf6 55. Rxh7 g1=Q 56. Rh6+ Ke7 57. Re6+ Kd8 58. Bb7 Qd4+ 59.
Kb3 Qxe4 60. Rxd6+ Kc7 0-1

[Event "C.to Provinciale RC"]
[Site "Locri ITA"]
[Date "2007.03.03"]
[Round "3"]
[White "Primerano, Ferdinando"]
[Black "Mercurio, Rosario"]
[Result "1-0"]
[WhiteElo "1461"]
[BlackElo "1378"]
[PlyCount "43"]
[EventDate "2007.03.02"]

1. e4 e6 2. Nc3 c5 3. Bc4 Nc6 4. Nf3 Bd6 5. O-O Nge7 6. d4 cxd4 7. Nxd4 Nxd4 8.
Qxd4 Qc7 9. Qxg7 Bxh2+ 10. Kh1 Be5 11. Bf4 Qxc4 12. Bxe5 Rg8 13. Qxh7 Rg6 14.
Qh4 Ng8 15. Kg1 b6 16. a4 Ba6 17. Rfd1 Qc6 18. b4 Bb7 19. Nb5 Rc8 20. Nd6+ Kf8
21. Nxc8 Bxc8 22. Qd8# 1-0

[Event "C.to Provinciale RC"]
[Site "Locri ITA"]
[Date "2007.03.03"]
[Round "3"]
[White "Scalise, Sandro"]
[Black "Musico', Guglielmo"]
[Result "0-1"]
[WhiteElo "1622"]
[BlackElo "1506"]
[PlyCount "86"]
[EventDate "2007.03.02"]

1. d4 g6 2. Nf3 Bg7 3. Bf4 d6 4. h3 Nf6 5. e3 Nbd7 6. c3 O-O 7. Bc4 c5 8. O-O
Nb6 9. Be2 c4 10. a4 a5 11. Nbd2 d5 12. b3 cxb3 13. Qxb3 Bd7 14. Rfb1 Nc4 15.
Nxc4 dxc4 16. Qxb7 e6 17. Bxc4 Rc8 18. Qb3 Bc6 19. Ne5 Bd5 20. Bg5 Rxc4 21.
Nxc4 Qc7 22. Bf4 Qxc4 23. Qxc4 Bxc4 24. Rb8 Nd5 25. Rxf8+ Bxf8 26. g3 Nxc3 27.
Kg2 Nd5 28. Rc1 Nxf4+ 29. gxf4 Bb3 30. Ra1 Bb4 31. Kf3 Kg7 32. Ke4 f6 33. Kd3
Kh6 34. e4 Kh5 35. f3 Kh4 36. e5 f5 37. Ke2 h6 38. Kf2 Bc3 39. Ra3 Bxd4+ 40.
Ke2 Bc4+ 41. Kd2 Kxh3 42. Ke1 Kg2 43. Kd2 h5 0-1

[Event "C.to Provinciale RC"]
[Site "Locri ITA"]
[Date "2007.03.03"]
[Round "3"]
[White "Zampaglione, Davide"]
[Black "Spataro, Enrico"]
[Result "0-1"]
[WhiteElo "1410"]
[BlackElo "1751"]
[PlyCount "48"]
[EventDate "2007.03.02"]

1. e4 c5 2. Nf3 Nc6 3. Bc4 d6 4. d3 e6 5. O-O Nf6 6. Bg5 Be7 7. Re1 O-O 8. Qd2
Qc7 9. Nc3 a6 10. Bh6 gxh6 11. Qxh6 Ng4 12. Qh3 Nce5 13. Nd2 b5 14. f4 bxc4 15.
fxe5 Nxe5 16. Nxc4 Nxc4 17. dxc4 Bf6 18. Re3 Bd4 19. Qg4+ Kh8 20. Rae1 f5 21.
Qh4 f4 22. Nd1 fxe3 23. Nxe3 Qf7 24. Rf1 Qxf1# 0-1

[Event "C.to Provinciale RC"]
[Site "Locri ITA"]
[Date "2007.03.04"]
[Round "4"]
[White "Caridi, Bruno"]
[Black "Spataro, Enrico"]
[Result "0-1"]
[WhiteElo "1398"]
[BlackElo "1751"]
[PlyCount "76"]
[EventDate "2007.03.02"]

1. e4 c5 2. Nf3 Nc6 3. Nc3 d6 4. d3 Nf6 5. Be3 g6 6. d4 cxd4 7. Nxd4 Bg7 8.
Nxc6 bxc6 9. Be2 O-O 10. O-O Qc7 11. Qd2 Rd8 12. Rad1 Rb8 13. b3 Qa5 14. Na4
Qxd2 15. Rxd2 Nxe4 16. Rdd1 c5 17. Bf3 Bb7 18. Bf4 Nc3 19. Nxc3 Bxf3 20. gxf3
Bxc3 21. Rd3 Bg7 22. Rfd1 h5 23. Rb1 Rb6 24. Be3 Rdb8 25. a3 Ra6 26. b4 c4 27.
Rdd1 Rxa3 28. Bd4 Bxd4 29. Rxd4 Rc3 30. Ra1 Rxb4 31. Rxa7 Rxc2 32. Rxe7 Rb1+
33. Kg2 Rbb2 34. Rxd6 Rxf2+ 35. Kg3 Rfe2 36. Rd8+ Kg7 37. Rc7 g5 38. Rxc4 Rg2+
0-1

[Event "C.to Provinciale RC"]
[Site "Locri ITA"]
[Date "2007.03.04"]
[Round "4"]
[White "Ceravolo, Alberto"]
[Black "Luvera', Filippo"]
[Result "0-1"]
[WhiteElo "1643"]
[BlackElo "1871"]
[PlyCount "96"]
[EventDate "2007.03.02"]

1. e4 c5 2. Nf3 Nc6 3. Bb5 Qc7 4. c3 a6 5. Ba4 b5 6. Bc2 d6 7. d4 cxd4 8. Nxd4
e6 9. O-O Nf6 10. f3 Be7 11. Be3 O-O 12. Nd2 Bb7 13. N2b3 Rac8 14. Rc1 Ne5 15.
Nd2 d5 16. exd5 Nxd5 17. Bf2 Nc4 18. Nxc4 bxc4 19. Bg3 Qa5 20. Qe1 Nf6 21. Bb1
Bc5 22. Bf2 Qb6 23. Qe2 Bd5 24. Rce1 Rfe8 25. Kh1 Rb8 26. Bg3 Rb7 27. Be5 Qxb2
28. Qxb2 Rxb2 29. Bxf6 gxf6 30. Re2 Reb8 31. Rxb2 Rxb2 32. Nc2 a5 33. h3 f5 34.
Kh2 Bd6+ 35. Kg1 Bc5+ 36. Kh2 Kg7 37. Kg3 Kg6 38. Kh4 h5 39. g4 hxg4 40. hxg4
Kf6 41. g5+ Kg6 42. f4 Rb8 43. Kg3 Rh8 44. Nd4 Bxd4 45. cxd4 Rh1 46. Rxh1 Bxh1
47. Kf2 Be4 48. Bxe4 fxe4 0-1

[Event "C.to Provinciale RC"]
[Site "Locri ITA"]
[Date "2007.03.04"]
[Round "4"]
[White "Familari, Giuseppe"]
[Black "Russo, Francesco"]
[Result "1-0"]
[WhiteElo "1714"]
[BlackElo "1544"]
[PlyCount "37"]
[EventDate "2007.03.02"]

1. e4 e5 2. Nf3 Nf6 3. Nxe5 Nxe4 4. d4 Qh4 5. Qf3 f6 6. g3 Nxg3 7. hxg3 Qxd4 8.
Qh5+ g6 9. Nxg6 Ba3 10. Nxh8+ Ke7 11. Qxh7+ Kd6 12. Bf4+ Kd5 13. Rh5+ Kc6 14.
Qf5 a6 15. Bb5+ Kb6 16. Be3 Qxe3+ 17. fxe3 Bxb2 18. Bd3 Bxa1 19. Qc5# 1-0

[Event "C.to Provinciale RC"]
[Site "Locri ITA"]
[Date "2007.03.04"]
[Round "4"]
[White "Musico', Guglielmo"]
[Black "Cordi', Domenico"]
[Result "0-1"]
[WhiteElo "1506"]
[BlackElo "2090"]
[PlyCount "93"]
[EventDate "2007.03.02"]

1. d4 Nf6 2. c4 e6 3. Nc3 c5 4. Nf3 cxd4 5. Nxd4 d5 6. e3 a6 7. Be2 Be7 8. O-O
O-O 9. a3 dxc4 10. Bxc4 b5 11. Be2 Bb7 12. Bf3 Qb6 13. Bxb7 Qxb7 14. Qf3 Qxf3
15. Nxf3 Nbd7 16. Nd4 Rac8 17. Nde2 Nc5 18. b4 Nd3 19. Nd1 Rc2 20. Nec3 Rc8 21.
Ra2 R8xc3 22. Nxc3 Rxc3 23. Bb2 Nxb2 24. Rxb2 Rxa3 25. Rc1 g6 26. g3 Nd5 27. e4
Nxb4 28. Rc7 Nd3 29. Rd2 Bf6 30. f4 Bd4+ 31. Kf1 Ra1+ 32. Ke2 Nc1+ 33. Kf3 Nb3
34. Rd3 Rb1 35. Kg4 Kg7 36. e5 a5 37. h4 a4 38. h5 gxh5+ 39. Kxh5 a3 40. f5
Bxe5 41. Ra7 Nd4 42. fxe6 Rh1+ 43. Kg4 h5+ 44. Kg5 Nxe6+ 45. Kf5 Bb2 46. Rd6
Re1 47. Rb6 0-1

[Event "C.to Provinciale RC"]
[Site "Locri ITA"]
[Date "2007.03.04"]
[Round "4"]
[White "Paragliola, Gennaro"]
[Black "Zampaglione, Davide"]
[Result "1-0"]
[WhiteElo "1460"]
[BlackElo "1410"]
[PlyCount "107"]
[EventDate "2007.03.02"]

1. d4 d5 2. c4 Nf6 3. Nc3 Bf5 4. Bg5 Ne4 5. Nxe4 Bxe4 6. e3 h6 7. Bh4 Nc6 8.
Nf3 Nb4 9. Qa4+ Nc6 10. Ne5 dxc4 11. f3 f6 12. Nxc4 Bd5 13. Bd3 Bf7 14. Na5 Qd7
15. Bb5 g5 16. Bg3 Bg7 17. Nxc6 a6 18. Rc1 Rc8 19. Na7 axb5 20. Qxb5 c6 21. O-O
O-O 22. Qb6 Ra8 23. Rc5 Qe6 24. Bf2 Qxa2 25. Ra5 Qc4 26. Qxb7 Rfb8 27. Qxc6
Qxc6 28. Nxc6 Rxa5 29. Nxa5 Rxb2 30. e4 Ba2 31. Nc6 e6 32. Rd1 Bb3 33. Rc1 Bf8
34. Be1 Ba4 35. Rc4 Bb5 36. Rc1 Bxc6 37. Rxc6 Rb1 38. Kf2 Rb2+ 39. Kg3 f5 40.
Rxe6 f4+ 41. Kh3 Kf7 42. d5 h5 43. Rf6+ Ke8 44. g4 h4 45. Rc6 Kd7 46. Ba5 Bd6
47. Rc3 Ra2 48. Bb6 Be5 49. Rd3 Rb2 50. Bc5 Rc2 51. Bf8 Bb8 52. Bh6 Ba7 53. Rd1
Rg2 54. Kxg2 1-0

[Event "C.to Provinciale RC"]
[Site "Locri ITA"]
[Date "2007.03.04"]
[Round "4"]
[White "Primerano, Ferdinando"]
[Black "Carabetta, Alfredo"]
[Result "0-1"]
[WhiteElo "1461"]
[BlackElo "1512"]
[PlyCount "82"]
[EventDate "2007.03.02"]

1. e4 c6 2. c4 d5 3. Nc3 dxe4 4. d3 exd3 5. Bxd3 Nf6 6. Nf3 Bg4 7. O-O Qc7 8.
Bd2 Nbd7 9. Be2 O-O-O 10. b4 e6 11. a3 Bd6 12. g3 h5 13. Be3 h4 14. Nxh4 Rxh4
15. gxh4 Bxh2+ 16. Kg2 Rh8 17. Bg5 Ne5 18. f4 Bxe2 19. Qxe2 Neg4 20. Kh3 e5 21.
Ne4 Bxf4 22. Bxf4 exf4 23. Nxf6 Nxf6 24. Qf2 g5 25. Rh1 Rxh4+ 26. Kg2 Ne4 27.
Qf3 Nd2 28. Rxh4 Nxf3 29. Rh8+ Kd7 30. Kxf3 Qe5 31. Rd1+ Kc7 32. Rh7 Qe3+ 33.
Kg4 Qe2+ 34. Kf5 Qc2+ 35. Kxg5 Qxh7 36. Kxf4 Qc2 37. Rd4 Qc1+ 38. Ke5 Qxa3 39.
b5 Qe3+ 40. Re4 Qxe4+ 41. Kxe4 cxb5 0-1

[Event "C.to Provinciale RC"]
[Site "Locri ITA"]
[Date "2007.03.04"]
[Round "4"]
[White "Valotta, Massimiliano"]
[Black "Zavaglia, Giuseppe"]
[Result "0-1"]
[WhiteElo "1889"]
[BlackElo "1886"]
[PlyCount "102"]
[EventDate "2007.03.02"]

1. e4 c5 2. Nf3 d6 3. d4 cxd4 4. Nxd4 Nf6 5. Nc3 a6 6. Be2 e6 7. Be3 Be7 8. O-O
O-O 9. Nb3 Nbd7 10. f3 Qc7 11. Qe1 b5 12. a3 Bb7 13. Rd1 d5 14. exd5 Nxd5 15.
Nxd5 Bxd5 16. Nd4 Rac8 17. Bf2 Bd6 18. Bg3 Bxg3 19. Qxg3 Qxg3 20. hxg3 Nb6 21.
b3 g6 22. Bd3 Rfd8 23. Rfe1 Bb7 24. Ne2 Nd5 25. Be4 f5 26. Bxd5 Bxd5 27. Nd4
Kf7 28. Rd2 g5 29. Red1 Kf6 30. Kf1 h5 31. Kg1 Rh8 32. Rc1 h4 33. gxh4 Rxh4 34.
c3 g4 35. Kf2 f4 36. fxg4 Rxg4 37. Nf3 Rcg8 38. Rg1 Rg3 39. Rxd5 exd5 40. b4
R8g7 41. Kf1 Rc7 42. Rh1 Rxc3 43. Rh6+ Kg7 44. Rxa6 Rc1+ 45. Ne1 Re3 46. Ra7+
Kf6 47. Ra6+ Kf5 48. Ra8 Rcxe1+ 49. Kf2 R1e2+ 50. Kf1 Ra2 51. Rf8+ Ke4 0-1

[Event "C.to Provinciale RC"]
[Site "Locri ITA"]
[Date "2007.03.04"]
[Round "4"]
[White "Zampaglione, Francesco"]
[Black "Scalise, Sandro"]
[Result "1/2-1/2"]
[WhiteElo "1362"]
[BlackElo "1622"]
[PlyCount "127"]
[EventDate "2007.03.02"]

1. e4 Nf6 2. e5 Nd5 3. Nf3 Nc6 4. d4 d6 5. Bb5 dxe5 6. c4 Nb6 7. d5 a6 8. dxc6
axb5 9. Qxd8+ Kxd8 10. Nxe5 Ke8 11. cxb5 f6 12. Nf3 bxc6 13. bxc6 Ba6 14. Be3
Nd5 15. Bd4 e5 16. Bc3 Nxc3 17. Nxc3 Bb4 18. Rc1 Kf7 19. a3 Bxc3+ 20. Rxc3 Bb5
21. Rc5 Rhb8 22. Nd2 Ke6 23. f3 Kd6 24. Ne4+ Ke6 25. Nc3 Ba4 26. Nxa4 Rxa4 27.
Rc2 Rb6 28. O-O Kd5 29. Rfc1 Rb3 30. Rd1+ Rd4 31. Rxd4+ exd4 32. Kf1 Rb6 33.
Ke1 Rxc6 34. Rxc6 Kxc6 35. Kd2 Kb5 36. Kd3 c5 37. g3 g6 38. h3 f5 39. g4 fxg4
40. fxg4 h5 41. gxh5 gxh5 42. h4 Kc6 43. Kc4 Kb6 44. b4 cxb4 45. axb4 d3 46.
Kxd3 Kb5 47. Kc3 Kb6 48. Kc4 Kc6 49. b5+ Kb6 50. Kb4 Kb7 51. Kc5 Kc7 52. b6+
Kb8 53. Kc6 Kc8 54. b7+ Kb8 55. Kd5 Kxb7 56. Ke5 Kc7 57. Kf6 Kd6 58. Kg5 Ke5
59. Kxh5 Kf5 60. Kh6 Kf6 61. Kh7 Kf5 62. h5 Kf6 63. h6 Kf7 64. Kh8 1/2-1/2

[Event "C.to Provinciale RC"]
[Site "Locri ITA"]
[Date "2007.03.04"]
[Round "5"]
[White "Barbera, Giuseppe"]
[Black "Mercurio, Rosario"]
[Result "0-1"]
[WhiteElo "1534"]
[BlackElo "1378"]
[PlyCount "46"]
[EventDate "2007.03.02"]

1. e4 e6 2. Nf3 d5 3. e5 c5 4. c3 Nc6 5. Bb5 Bd7 6. Bxc6 Bxc6 7. d4 Qb6 8. b3
cxd4 9. cxd4 Ne7 10. O-O Nf5 11. Nc3 Be7 12. Ne2 O-O 13. a3 Bb5 14. Re1 Rac8
15. Bg5 Bxg5 16. Nxg5 Bxe2 17. Rxe2 Nxd4 18. Re3 Nf5 19. Rh3 h6 20. Nf3 f6 21.
Nh4 Nxh4 22. Rxh4 fxe5 23. Qg4 Qxf2+ 0-1

[Event "C.to Provinciale RC"]
[Site "Locri ITA"]
[Date "2007.03.04"]
[Round "5"]
[White "Carabetta, Alfredo"]
[Black "Musico', Guglielmo"]
[Result "0-1"]
[WhiteElo "1512"]
[BlackElo "1506"]
[PlyCount "82"]
[EventDate "2007.03.02"]

1. d4 g6 2. c4 Bg7 3. Nc3 Nf6 4. Bg5 d6 5. e4 O-O 6. Bd3 Nbd7 7. Nge2 c5 8. d5
Ne5 9. O-O a6 10. f4 Nxd3 11. Qxd3 Qc7 12. Qg3 Bd7 13. e5 dxe5 14. fxe5 Nh5 15.
Qe3 Bxe5 16. g3 Bf5 17. Bh6 Bg7 18. Bxg7 Kxg7 19. Rxf5 gxf5 20. Qg5+ Kh8 21.
Qxh5 Qe5 22. Qf3 b5 23. Qf4 Qf6 24. Rf1 b4 25. Na4 Rac8 26. Qxf5 Qg7 27. Nc1
Qd4+ 28. Kh1 e6 29. Qf6+ Kg8 30. Qg5+ Kh8 31. Qf6+ Kg8 32. Qxd4 cxd4 33. Nd3 f6
34. dxe6 Rxc4 35. b3 Rc6 36. Nac5 Kg7 37. Rf5 Rd6 38. Nxb4 Rc8 39. Ncd3 Rxe6
40. Nc5 Re5 41. Rxe5 fxe5 0-1

[Event "C.to Provinciale RC"]
[Site "Locri ITA"]
[Date "2007.03.04"]
[Round "5"]
[White "Familari, Giuseppe"]
[Black "Paragliola, Gennaro"]
[Result "1-0"]
[WhiteElo "1714"]
[BlackElo "1460"]
[PlyCount "71"]
[EventDate "2007.03.02"]

1. e4 d6 2. d4 Nf6 3. Nc3 g6 4. h3 Bg7 5. f4 O-O 6. Nf3 c5 7. Be3 cxd4 8. Nxd4
Nbd7 9. Be2 Nc5 10. Bf3 e5 11. Ndb5 exf4 12. Bxf4 Nfxe4 13. Nxe4 Nxe4 14. Bxe4
Qh4+ 15. g3 Qe7 16. Qe2 Bxb2 17. Rb1 Be5 18. Bg2 a6 19. Nd4 Re8 20. Bxe5 dxe5
21. Nf3 e4 22. Nd4 f5 23. Qe3 Qc5 24. O-O Qc4 25. a3 b5 26. Rfd1 Be6 27. Nxe6
Qxe6 28. Rd2 Rec8 29. Rbd1 Qc6 30. Qh6 Qc5+ 31. Kh2 Qf8 32. Qh4 h6 33. Rd6 Qg7
34. Rd7 Qf8 35. R1d6 h5 36. Rxg6+ 1-0

[Event "C.to Provinciale RC"]
[Site "Locri ITA"]
[Date "2007.03.04"]
[Round "5"]
[White "Luvera', Filippo"]
[Black "Zavaglia, Giuseppe"]
[Result "1-0"]
[WhiteElo "1871"]
[BlackElo "1886"]
[PlyCount "83"]
[EventDate "2007.03.02"]

1. e4 e6 2. d4 c5 3. d5 e5 4. c4 d6 5. Nc3 Nf6 6. h3 Be7 7. Nf3 Na6 8. Qb3 O-O
9. a3 Rb8 10. Bd3 Bd7 11. O-O Nc7 12. Qc2 b5 13. cxb5 Nxb5 14. Nxb5 Bxb5 15.
Bxb5 Rxb5 16. Be3 Qb8 17. Rfb1 Rc8 18. Nd2 h6 19. Nc4 Bd8 20. f4 Rb3 21. fxe5
dxe5 22. Bf2 Ne8 23. Kh2 Bc7 24. Bxc5 Qb5 25. Bb4 Qa4 26. Qd1 a5 27. Nd2 Rxb4
28. axb4 Qxb4 29. Ra4 Qb5 30. b4 axb4 31. Raxb4 Qd3 32. Nf3 Qe3 33. Qe1 Qf4+
34. Qg3 Qf6 35. Rc4 Nd6 36. Qg4 h5 37. Qd7 Kh7 38. Rxc7 Rxc7 39. Qxc7 Qf4+ 40.
Kh1 Nxe4 41. Qxe5 Ng3+ 42. Kg1 1-0

[Event "C.to Provinciale RC"]
[Site "Locri ITA"]
[Date "2007.03.04"]
[Round "5"]
[White "Mercuri, Delia"]
[Black "Caridi, Bruno"]
[Result "1-0"]
[WhiteElo "1370"]
[BlackElo "1398"]
[PlyCount "137"]
[EventDate "2007.03.02"]

1. e4 c5 2. c3 Nc6 3. Nf3 e5 4. Bb5 Nge7 5. O-O a6 6. Bxc6 Nxc6 7. d4 exd4 8.
cxd4 Nxd4 9. Nxd4 cxd4 10. Qxd4 d6 11. Bh6 f6 12. Be3 Be7 13. Nc3 O-O 14. Na4
Bd7 15. Qd5+ Kh8 16. Nb6 Bc6 17. Qe6 Rb8 18. Rfd1 Qc7 19. Nd5 Bxd5 20. Qxd5
Rfd8 21. a4 Qc6 22. a5 Qxd5 23. Rxd5 Rdc8 24. Bb6 Rc2 25. Bd4 Rd8 26. Bc3 g6
27. Rad1 Kg8 28. f4 g5 29. e5 fxe5 30. fxe5 Bf8 31. exd6 Re2 32. Rxg5+ Kf7 33.
Rf1+ Ke6 34. Rg8 Be7 35. Rxd8 Bxd8 36. Rd1 b6 37. Kf1 Re4 38. b4 bxa5 39. bxa5
Ra4 40. d7 Rf4+ 41. Ke2 Rf7 42. g4 Rxd7 43. Rxd7 Kxd7 44. Kf3 Kc6 45. h4 Bxh4
46. Ke4 Kb5 47. Kf5 h6 48. Kg6 Bg5 49. Bg7 Kxa5 50. Bxh6 Bd8 51. Bg5 Bc7 52.
Kf5 Kb5 53. Bf6 a5 54. g5 a4 55. g6 a3 56. g7 Bd8 57. Bxd8 a2 58. Bf6 Ka4 59.
g8=Q Ka3 60. Qa8+ Kb3 61. Qb7+ Kc2 62. Qb2+ Kd3 63. Qxa2 Ke3 64. Qd5 Ke2 65.
Kf4 Ke1 66. Bh4+ Kf1 67. Qd2 Kg1 68. Kf3 Kf1 69. Qf2# 1-0

[Event "C.to Provinciale RC"]
[Site "Locri ITA"]
[Date "2007.03.04"]
[Round "5"]
[White "Scalise, Sandro"]
[Black "Ceravolo, Alberto"]
[Result "1/2-1/2"]
[WhiteElo "1622"]
[BlackElo "1643"]
[PlyCount "56"]
[EventDate "2007.03.02"]

1. d4 d5 2. Nf3 Nf6 3. Bf4 e6 4. e3 Nh5 5. Bg3 Nxg3 6. hxg3 Nd7 7. c3 c6 8.
Nbd2 Nf6 9. Qc2 h6 10. Bd3 Qc7 11. O-O-O Bd7 12. Ne5 Bd6 13. f4 Bxe5 14. dxe5
Ng4 15. Nf1 O-O-O 16. Qe2 h5 17. Nh2 Nxh2 18. Rxh2 g6 19. Rdh1 c5 20. g4 d4 21.
gxh5 dxc3 22. hxg6 cxb2+ 23. Kb1 Rxh2 24. Rxh2 fxg6 25. Bxg6 Qb6 26. Qxb2 Qxb2+
27. Kxb2 Bc6 28. Bf7 Rd2+ 1/2-1/2

[Event "C.to Provinciale RC"]
[Site "Locri ITA"]
[Date "2007.03.04"]
[Round "5"]
[White "Spataro, Enrico"]
[Black "Cordi', Domenico"]
[Result "0-1"]
[WhiteElo "1751"]
[BlackElo "2090"]
[PlyCount "52"]
[EventDate "2007.03.02"]

1. e4 c6 2. d4 d5 3. Nd2 dxe4 4. Nxe4 Bf5 5. Ng3 Bg6 6. Nf3 Nd7 7. h4 h6 8. c3
Ngf6 9. h5 Bh7 10. Bd3 Bxd3 11. Qxd3 e6 12. Bf4 Nd5 13. Be5 Nxe5 14. Nxe5 Qc7
15. O-O-O Bd6 16. Rhe1 O-O-O 17. Qf3 Rhe8 18. Kb1 f6 19. Nd3 Bxg3 20. fxg3 Kb8
21. Nc5 e5 22. dxe5 fxe5 23. Qf5 Qe7 24. Ne4 Ne3 25. Rxd8+ Qxd8 26. Qf3 Qd3+
0-1

[Event "C.to Provinciale RC"]
[Site "Locri ITA"]
[Date "2007.03.04"]
[Round "5"]
[White "Zampaglione, Francesco"]
[Black "Primerano, Ferdinando"]
[Result "1-0"]
[WhiteElo "1362"]
[BlackElo "1461"]
[PlyCount "67"]
[EventDate "2007.03.02"]

1. e4 e5 2. Nf3 Nc6 3. Bb5 Nf6 4. Bxc6 bxc6 5. d3 d6 6. Bg5 Be7 7. O-O O-O 8.
Nc3 Be6 9. d4 exd4 10. Nxd4 d5 11. Nxc6 Qd6 12. Nxe7+ Qxe7 13. e5 Rfd8 14. exf6
gxf6 15. Bh4 c5 16. Qf3 Qb7 17. Bxf6 Rd6 18. Qg3+ Kf8 19. Qxd6+ Kg8 20. Qxc5
Qxb2 21. Qe3 Kf8 22. Qc5+ Kg8 23. Nxd5 Qb7 24. Ne7+ Kf8 25. Rab1 Qe4 26. Qc6
Qxc6 27. Nxc6 Bxa2 28. Rb2 Bd5 29. Nxa7 Ke8 30. Re1+ Kd7 31. Re7+ Kd6 32. Rb6+
Kc5 33. Rb5+ Kc4 34. Rc7+ 1-0

[Event "C.to Provinciale CO"]
[Site "Villa Guardia ITA"]
[Date "2007.01.27"]
[Round "1"]
[White "Buonocore, Elio"]
[Black "Boffi, Luigi"]
[Result "1-0"]
[WhiteElo "2160"]
[BlackElo "1587"]
[PlyCount "69"]
[EventDate "2007.01.27"]

1. e4 g6 2. d4 d6 3. Nc3 Bg7 4. f4 Nc6 5. Be3 e6 6. Nf3 Nh6 7. Bd3 O-O 8. Qd2
Ng4 9. Bg1 a5 10. h3 Nh6 11. Be3 f5 12. e5 Bd7 13. O-O-O Na7 14. Rdg1 b5 15. g4
b4 16. Ne2 Bc6 17. g5 Bxf3 18. gxh6 Bxh6 19. Rh2 Qd7 20. h4 Bg7 21. h5 Bxh5 22.
Rxh5 gxh5 23. Ng3 Kh8 24. Nxh5 Rg8 25. Bf2 Qf7 26. Be2 dxe5 27. dxe5 Rad8 28.
Qe1 Nc6 29. Bh4 Ne7 30. Nxg7 Rxg7 31. Bf6 Rdg8 32. Qh4 Nd5 33. Qxh7+ Kxh7 34.
Rh1+ Kg6 35. Bh5+ 1-0

[Event "C.to Provinciale VA"]
[Site "Gallarate ITA"]
[Date "2007.01.20"]
[Round "1"]
[White "Centofante, Maria Rosa"]
[Black "Benvenga, Salvatore"]
[Result "0-1"]
[WhiteElo "1529"]
[BlackElo "1817"]
[PlyCount "80"]
[EventDate "2007.01.20"]

1. d4 Nf6 2. Nf3 d6 3. c4 c6 4. Nc3 g6 5. e4 Bg4 6. h3 Bxf3 7. Qxf3 Nbd7 8. Be3
e5 9. d5 Bg7 10. Bd3 Qa5 11. O-O O-O 12. Rab1 Qc7 13. a3 a5 14. Qd1 Ne8 15. f4
exf4 16. Bxf4 Ne5 17. Qd2 Qd8 18. Bxe5 Bxe5 19. Rf3 Ng7 20. Ne2 cxd5 21. cxd5
Rc8 22. Kh1 Qb6 23. b4 Ra8 24. g4 axb4 25. Qxb4 Qxb4 26. Rxb4 Rxa3 27. Rxb7 Ne8
28. Kg2 Ra2 29. Kf1 h6 30. Bb1 Ra1 31. Kg2 Nf6 32. Ng3 Ra4 33. Re3 Rc8 34. Kf3
Rc1 35. Kg2 Rd4 36. Ne2 Rd2 37. Kf2 Rh1 38. Kg2 Rh2+ 39. Kf3 Rxh3+ 40. Kf2
Nxg4+ 0-1

[Event "C.to Provinciale VA"]
[Site "Gallarate ITA"]
[Date "2007.01.20"]
[Round "1"]
[White "Schingaro, Angelo"]
[Black "Tomassoni, Leonardo"]
[Result "0-1"]
[WhiteElo "1728"]
[BlackElo "2024"]
[PlyCount "64"]
[EventDate "2007.01.20"]

1. e4 c5 2. Nf3 d6 3. d4 cxd4 4. Nxd4 a6 5. c4 Nf6 6. Nc3 g6 7. Be3 Bg7 8. f3
O-O 9. Qd2 Nc6 10. Nxc6 bxc6 11. Be2 Rb8 12. Rd1 Qc7 13. g4 Qa5 14. Kf2 Qb4 15.
Rb1 Be6 16. a3 Qb3 17. c5 dxc5 18. Bxc5 Rfd8 19. Qe3 Bc4 20. Bxc4 Qxc4 21. Bxe7
Nxg4+ 22. fxg4 Bd4 23. Bxd8 Bxe3+ 24. Kxe3 Rxd8 25. Rhd1 Qc5+ 26. Ke2 Re8 27.
Rbc1 Qg5 28. Kf3 Qh4 29. Rc2 Qh3+ 30. Kf4 h6 31. Rg1 g5+ 32. Kf5 Qf3# 0-1

[Event "C.to Provinciale VA"]
[Site "Gallarate ITA"]
[Date "2007.01.21"]
[Round "2"]
[White "Benvenga, Salvatore"]
[Black "Mondini, Francesco"]
[Result "1-0"]
[WhiteElo "1817"]
[BlackElo "1481"]
[PlyCount "71"]
[EventDate "2007.01.20"]

1. e4 d5 2. exd5 Qxd5 3. d4 c6 4. Nc3 Qa5 5. Bd2 Nf6 6. h3 Bf5 7. Nf3 h6 8. Bc4
e6 9. O-O Nbd7 10. Re1 Qc7 11. Bb3 Rd8 12. Qe2 Be7 13. d5 cxd5 14. Nb5 Qb8 15.
Nbd4 Be4 16. c4 Bxf3 17. Nxf3 Nc5 18. cxd5 Nxd5 19. Qb5+ Kf8 20. Bc2 a6 21. Qe2
Nf4 22. Qe3 Nd5 23. Qe2 Nf4 24. Qc4 Nd5 25. Rad1 b5 26. Qg4 Nf6 27. Qf4 Qxf4
28. Bxf4 g5 29. Be5 Rg8 30. Nd4 Nd5 31. Nc6 Rc8 32. Nxe7 Kxe7 33. Bb1 f6 34.
Bg3 h5 35. Rxd5 h4 36. Bd6+ 1-0